1929 1510 1588 1441 1148 1151 1652 1244 1248 1501 1675 1133 1325 1321 1895 1832 1944 1880 1219 1814 1255 1593 1354 1137 1007 1981 1573 1890 1818 1596 1538 1535 1770 1012 1735 1356 1793 1899 1786 1748 1675 1476 1843 1145 1576 1372 1168 1595 1322 1927 1434 1047 1232 1372 1982 1812 1849 1905 1653 1351 1792 1341 1632 1899 1544 1010 1107 1203 1004 1358 1696 1643 1457 1235 1598 1337 1311 1349 1616 1897 1072 1136 1966 1520 1916 1958 1047 1155 1147 1614 1978 1134 1631 1231 1731 1405 1034 1984 1882 BCNSPRNW ULIB Ver.6.0+V

เปลี่ยนเป็นภาษาไทย

Change to English
 แสดงรายละเอียดบรรณานุกรม
  กลับหน้าหลัก

Brief Record : Get Marc (ISO 2709) : E-mail record : QR code < ปิดหน้าต่าง
LEADER : 00000nam 2200000uu 4500
001    13399113090
003     ULIB
008    110926s2550||||th 000 0 tha d
020    9789749986172
050 04 PL4152^bพ113ภ 2550
100 0  พงศ์เกษม สนธิไทย
245 10 ภาษาไทย ๑ /^cพงศ์เกษม สนธิไทย
250    พิมพ์ครั้งที่ 1
260    กรุงเทพฯ :^bโอเดียนสโตร์,^c2550
300    238 หน้า ;^c24 ซม
650  7 ภาษาไทย
945    ^p125^l0^i021091
945    ^p125^l0^i021092
995    ทศพร
999 ^a ทศพร
รายการนี้ยังไม่มีแท็ก
คุณยังไม่ได้ล็อกอิน คุณสามารถมีกิจกรรมร่วมกับเว็บไซต์ได้ แต่ต้องล็อกอินก่อน ::
  ล็อกอิน

รายการสื่อสารสนเทศ

ลำดับที่ ประเภท เลขเรียก/บาร์โค้ด สถานที่ สถานะ
- ไม่พบข้อมูล -

รายการใกล้เคียง
    ผู้แต่ง [พงศ์เกษม สนธิไทย]

    หัวเรื่อง [ภาษาไทย]

BibComment


ยังไม่เคยถูกคอมเมนท์

คอมเมนท์ทรัพยากรรายการนี้
  คอมเมนท์: ภาษาไทย ๑ พงศ์เก..


 Copyright 2026. Bcnsprnw @Library